| 000 | 01016cas a22003017a 4500 | ||
|---|---|---|---|
| 005 | 20220329142046.0 | ||
| 008 | 990507d1962 fi qr pernn 0 uub1eng d | ||
| 010 | _a77769 | ||
| 011 | _a78741 | ||
| 022 | 0 | _a0570-1538 | |
| 035 | _a88792 | ||
| 245 | 0 | 0 |
_aAnnales Agriculturae Fenniae _c/by Agricultural Research Center |
| 260 | 0 |
_aJokioinen, Finland : _bAgricultural Research Center, _c1962-. |
|
| 300 | _av. | ||
| 310 | _aTrimestral | ||
| 362 | _av.22 n.1,1983. | ||
| 500 | _aSe dejó de recibir a partir del v.22 n.4,1983. | ||
| 590 |
_aBATCH-UPD _b10 _c20130110 _lUCH01 _h2356 |
||
| 590 |
_aBATCH-UPD _b10 _c20130410 _lUCH01 _h1643 |
||
| 590 |
_aCONVERSION _b10 _c20130109 _lUCH01 _h1343 |
||
| 650 | 1 | 4 |
_aAgricultura _xInvestigacion _xPublicaciones periodicas. _91661 |
| 866 | _av.1 n.1-3 (1962) | ||
| 866 | _av.14 n.1-v.18 n.4 (1975-1979) | ||
| 866 | _av.19 n.3-v.22 n.4 (1980-1983) | ||
| 866 | _av.2 n.1-v.13 n.1 (1963-1974) | ||
| 901 | _aSE | ||
| 905 | _aMa. del Socorro Iturbe C. | ||
| 999 |
_c77769 _d77769 |
||